[Event "41st Olympiad Women 2014"]
[Site "Tromso NOR"]
[Date "2014.08.06"]
[Round "5.40"]
[Board "1"]
[White "Gjergji, Rozana"]
[Black "Heredia Serrano, Carla"]
[Result "0-1"]
[WhiteTitle "WCM"]
[BlackTitle "WGM"]
[WhiteElo "1981"]
[BlackElo "2168"]
[WhiteTeam "Albania"]
[BlackTeam "Ecuador"]
[WhiteFideId "4700147"]
[BlackFideId "3603687"]
[EventDate "2014.08.02"]

1. e4 c6 2. d4 d5 3. exd5 cxd5 4. Bd3 Nc6 5. c3 Qc7 6. Ne2 Bg4 7. O-O Nf6 8. f3
Bd7 9. Bf4 e5 10. Bxe5 Nxe5 11. dxe5 Qxe5 12. Nd4 O-O-O 13. Qe1 Qg5 14. Qd2 Qh4
15. Qf2 Qh6 16. Na3 Bd6 17. g3 a6 18. Nac2 Rde8 19. Rfe1 Qg5 20. Kh1 h5 21. f4
Ng4 22. Qf3 Qf6 23. h3 Reg8 24. h4 Bxf4 25. Bxa6 Bxg3 26. Bxb7+ Kxb7 27. Qxg3
Nf2+ 28. Kh2 Ne4 29. Rxe4 dxe4 30. Ne3 Be6 31. Rf1 Qe7 32. Nef5 Bxf5 33. Rxf5
Qc7 34. Qxc7+ Kxc7 35. Rxf7+ Kd6 36. Rf5 Rb8 37. b4 Ra8 38. a3 Kd7 39. Nb5 Rhe8
40. Kg2 g6 41. Rd5+ Ke7 42. Rg5 Rad8 43. Nd4 Kf6 44. Kf2 Ra8 45. Ke3 Rxa3 46.
Nb5 Ra1 47. Nd6 Re6 48. Nxe4+ Kg7 49. Kd3 Rd1+ 50. Kc2 Rh1 51. Ng3 Rxh4 52. b5
Kf6 53. Rd5 Rh3 54. Nf1 h4 55. c4 Ra3 56. c5 Ra5 57. Nd2 Rxb5 58. Kd3 Rb8 59.
Ne4+ Kg7 60. Ng5 Rc6 61. Ke4 Rb4+ 62. Kf3 Rf6+ 63. Kg2 Kh6 64. Nf3 h3+ 65. Kg3
Rb3 0-1

[Event "41st Olympiad Women 2014"]
[Site "Tromso NOR"]
[Date "2014.08.06"]
[Round "5.40"]
[Board "2"]
[White "Bosch Garcia, Jacqueline"]
[Black "Shabanaj, Eglantina"]
[Result "1-0"]
[WhiteTitle "WFM"]
[BlackTitle "WCM"]
[WhiteElo "2173"]
[BlackElo "2033"]
[WhiteTeam "Ecuador"]
[BlackTeam "Albania"]
[WhiteFideId "3503844"]
[BlackFideId "4700562"]
[EventDate "2014.08.02"]

1. e4 e5 2. Nf3 Nc6 3. Bb5 a6 4. Ba4 Nf6 5. O-O d6 6. Re1 Be7 7. c3 O-O 8. h3
Bd7 9. d3 b5 10. Bc2 Qc8 11. Nbd2 g6 12. Nf1 Nh5 13. Bh6 Re8 14. Ng5 Nf4 15. Bb3
Nd8 16. Nh2 c5 17. Ngf3 c4 18. dxc4 bxc4 19. Bc2 Nde6 20. Ng4 g5 21. Ne3 f6 22.
Nf5 Qc5 23. h4 Kf7 24. Re3 Rg8 25. hxg5 fxg5 26. b4 Qb6 27. Nxe5+ dxe5 28. Qxd7
Ra7 29. Qd1 g4 30. Bxf4 exf4 31. Re1 Bf8 32. Qd5 g3 33. Nd4 gxf2+ 34. Kxf2 Rg5
35. Qxc4 Rc7 36. Qxe6+ Qxe6 37. Nxe6 Kxe6 38. Rac1 Bg7 39. Bb3+ Ke7 40. c4 Bd4+
41. Kf1 Rc6 42. Bd1 Rb6 43. c5 Rxb4 44. c6 Rc5 45. Bg4 Rb2 46. Red1 Rd2 47. c7
Rxd1+ 48. Rxd1 Rxc7 49. Rxd4 Rc2 50. Ra4 Kf6 51. Rxa6+ Ke5 52. Ra4 f3 53. Bxf3
Kf4 54. e5+ Kxe5 55. Re4+ Kf5 56. a4 Ra2 57. Rb4 h6 58. g3 Ke5 59. Be2 Ra3 60.
Kf2 Kd5 61. Rb5+ Kc6 62. a5 Ra2 63. Rh5 Kc7 64. a6 1-0

[Event "41st Olympiad Women 2014"]
[Site "Tromso NOR"]
[Date "2014.08.06"]
[Round "5.40"]
[Board "3"]
[White "Tuzi, Bruna"]
[Black "Romero Echeverria, Abigail"]
[Result "1/2-1/2"]
[WhiteTitle "WCM"]
[BlackTitle "WFM"]
[WhiteElo "1759"]
[BlackElo "2098"]
[WhiteTeam "Albania"]
[BlackTeam "Ecuador"]
[WhiteFideId "4701100"]
[BlackFideId "3603806"]
[EventDate "2014.08.02"]

1. e4 c5 2. Nf3 Nc6 3. d4 cxd4 4. Nxd4 e6 5. Be3 Nf6 6. Bd3 a6 7. O-O Ne5 8. Nc3
Neg4 9. Qe2 Qc7 10. Nf3 b5 11. Bg5 d6 12. h3 Ne5 13. Nxe5 dxe5 14. Rfd1 Be7 15.
a4 b4 16. Na2 Bb7 17. Qe1 O-O 18. Nxb4 h6 19. Bd2 Rfd8 20. Na2 Nd7 21. Nc1 Nc5
22. Ba5 Qc6 23. Bxd8 Rxd8 24. f3 Nxa4 25. Nb3 Nxb2 26. Rdb1 Nxd3 27. cxd3 Qb6+
28. Qf2 Qd6 29. Na5 Ba8 30. Qe2 Kh7 31. Nb7 Bxb7 32. Rxb7 Qd4+ 33. Kh2 Qxa1 34.
Rxe7 Kg8 35. Qc2 Qd4 36. Qc7 Rf8 37. Rd7 Qa1 38. Rd6 a5 39. Ra6 a4 40. Qa5 Qd4
41. Qb5 Rd8 42. Rxa4 Qd6 43. Ra6 Qxd3 44. Qxd3 Rxd3 45. Ra8+ Kh7 46. Ra5 f6 47.
Ra6 h5 48. h4 Kg6 49. Rxe6 Kf7 1/2-1/2

[Event "41st Olympiad Women 2014"]
[Site "Tromso NOR"]
[Date "2014.08.06"]
[Round "5.40"]
[Board "4"]
[White "Vasquez Ramirez, Rocio"]
[Black "Shabanaj, Alda"]
[Result "0-1"]
[WhiteTitle "WIM"]
[WhiteElo "2122"]
[BlackElo "1881"]
[WhiteTeam "Ecuador"]
[BlackTeam "Albania"]
[WhiteFideId "3600750"]
[BlackFideId "4700597"]
[EventDate "2014.08.02"]

1. e4 c6 2. d4 d5 3. Nd2 dxe4 4. Nxe4 Bf5 5. Ng3 Bg6 6. Nf3 Nf6 7. Bc4 e6 8. c3
Qc7 9. Ne5 Nbd7 10. Bf4 Bd6 11. Qe2 Nd5 12. Bxd5 cxd5 13. O-O O-O 14. h4 Bxe5
15. dxe5 h6 16. Rfe1 Nc5 17. Rad1 Qe7 18. h5 Bh7 19. Rd4 Rac8 20. Qg4 Kh8 21.
Re3 a5 22. Ne2 Bf5 23. Qf3 Be4 24. Qh3 b5 25. f3 Bb1 26. a3 Nb3 27. Rd1 Bc2 28.
Re1 Rc4 29. Bg3 b4 30. axb4 axb4 31. Bf2 Rfc8 32. f4 Ra8 33. g4 Ra2 34. Bh4 Qa7
35. Bf2 Qe7 36. Bh4 Qa7 37. Bf2 Qc7 38. g5 hxg5 39. fxg5 Bf5 40. Qg2 Rxb2 41.
cxb4 d4 42. Qa8+ Qc8 43. Qxc8+ Rxc8 44. Rxb3 Rxb3 45. Nxd4 Rxb4 46. g6 fxg6 47.
hxg6 Bxg6 48. Nxe6 Rg4+ 49. Kh2 Rc2 50. Kh3 Bf5 0-1

[Event "41st Olympiad Women 2014"]
[Site "Tromso NOR"]
[Date "2014.08.06"]
[Round "5.41"]
[Board "1"]
[White "Mwango, Lorita"]
[Black "Wang, Chengjia"]
[Result "1/2-1/2"]
[WhiteTitle "WFM"]
[WhiteElo "1874"]
[BlackElo "1989"]
[WhiteTeam "Zambia"]
[BlackTeam "South Korea"]
[WhiteFideId "8700478"]
[BlackFideId "8601844"]
[EventDate "2014.08.02"]

1. c4 Nf6 2. Nc3 e6 3. d4 Bb4 4. Qc2 c5 5. e3 Nc6 6. Nf3 d5 7. a3 Bxc3+ 8. bxc3
Qa5 9. Bd2 Ne4 10. cxd5 exd5 11. Be2 h6 12. O-O Bf5 13. Qb2 Qc7 14. Rac1 c4 15.
Qb5 Bg4 16. Be1 Rd8 17. Rb1 Qd6 18. Qb2 Bf5 19. Ra1 O-O 20. Nd2 Nxd2 21. Bxd2
Na5 22. Bd1 Qg6 23. Kh1 Rd6 24. Qb5 Nb3 25. Ra2 Rb6 26. Qa4 Bb1 27. Rb2 Nc5 28.
Rxb6 Qd3 29. Be2 Qxe2 30. Qd1 Qxd1 31. Rxd1 axb6 32. Rxb1 Nb3 33. Bc1 Ra8 34.
Bb2 Ra5 35. Re1 Nd2 36. Rd1 Ne4 37. Kg1 Rb5 38. Ba1 Rb3 39. Rc1 Rxa3 40. f3 Nd2
41. Bb2 Ra2 42. Rc2 Nb1 43. Rf2 f5 44. h3 b5 45. g4 g6 46. Kg2 b4 47. cxb4 c3
48. Bc1 Ra4 49. e4 fxe4 50. fxe4 Rxb4 51. Bxh6 Kh7 52. Be3 Rb6 53. exd5 Na3 54.
Bc1 Nb5 55. Be3 Kg7 56. Kg3 Rd6 57. Bf4 Rxd5 58. Be5+ Kg8 59. Rf6 c2 60. Bf4
Nxd4 61. Kf2 Kg7 62. Rb6 Rd7 63. Bc1 Kf7 64. Ke3 Ne6 65. Bb2 g5 66. Rb5 Rc7 67.
Kd2 Nd4 68. Rb6 Nf3+ 69. Kc1 Ne1 70. Kd2 Nf3+ 71. Kc1 Ng1 72. Rf6+ Ke7 73. Rf2 1/2-1/2

[Event "41st Olympiad Women 2014"]
[Site "Tromso NOR"]
[Date "2014.08.06"]
[Round "5.41"]
[Board "2"]
[White "Lim, Hakyung"]
[Black "Mbatha, Constance"]
[Result "1/2-1/2"]
[WhiteTitle "WCM"]
[WhiteElo "1567"]
[BlackElo "1677"]
[WhiteTeam "South Korea"]
[BlackTeam "Zambia"]
[WhiteFideId "13200615"]
[BlackFideId "8700591"]
[EventDate "2014.08.02"]

1. d4 e6 2. c4 d5 3. Nc3 Nf6 4. cxd5 exd5 5. Bg5 Be7 6. e3 O-O 7. Bd3 h6 8. Bh4
Be6 9. Qc2 Nbd7 10. Nf3 Rc8 11. O-O c5 12. dxc5 Nxc5 13. Rac1 Nfe4 14. Bxe7 Qxe7
15. Rfd1 Nxc3 16. Qxc3 Nxd3 17. Qxd3 Qb4 18. Qd4 Qa5 19. a3 a6 20. h3 Qb5 21.
Qd2 Rfd8 22. Nd4 Qe8 23. Ne2 Qa4 24. Rxc8 Rxc8 25. Nc3 Qb3 26. Qe2 b5 27. Rd4
Rc4 28. Rd3 Rc5 29. Nxd5 Rc1+ 30. Kh2 Qc4 31. Nc3 Qc7+ 32. g3 Bc4 33. Qd2 Bxd3
34. Qxc1 Qc4 35. Qd2 Bf5 36. Qe2 Qb3 37. e4 Be6 38. Kg2 b4 39. axb4 Qxb4 40. Nd5
Qb7 41. Qd2 Kh7 42. Qc2 Kh8 43. Nf4 Bd7 44. Nd5 Bc6 45. Qc5 Kh7 46. Qd4 Bd7 47.
g4 Be6 48. Qd2 Qb5 49. Nc3 Qc4 50. Qe2 Qb3 51. Qxa6 Qxb2 52. Qd3 Qb7 53. Ne2 g6
54. Nf4 Ba2 55. Qf3 Bb1 56. Nd5 Ba2 57. Qd3 Bb1 58. Qf3 Bc2 59. Qe3 Qb2 60. Qf3
Kg7 61. Qc3+ Qxc3 62. Nxc3 Kf6 63. Kf3 Ke5 64. Ke3 g5 65. f3 Bb3 66. Ne2 Bc4 67.
Ng3 Be6 68. Ne2 Bc4 69. f4+ Kf6 70. e5+ Ke7 71. Ng3 Bd5 72. Nf5+ Kf8 73. Nxh6
Bg2 74. Nf5 Bxh3 75. fxg5 Bxg4 76. Nh6 Be6 77. Ke4 Kg7 78. Kf4 Kg6 79. Ng8 Ba2
80. Ne7+ Kg7 81. Nc6 Bd5 82. Nd4 Ba2 83. Ke4 Kg6 84. Kf4 Bd5 85. Nf5 Ba2 86.
Ne7+ Kg7 87. Ke4 1/2-1/2

[Event "41st Olympiad Women 2014"]
[Site "Tromso NOR"]
[Date "2014.08.06"]
[Round "5.41"]
[Board "4"]
[White "You, Garam"]
[Black "Saina, Yvonne"]
[Result "0-1"]
[WhiteElo "1487"]
[BlackElo "1752"]
[WhiteTeam "South Korea"]
[BlackTeam "Zambia"]
[WhiteFideId "13200208"]
[BlackFideId "8700702"]
[EventDate "2014.08.02"]

1. e4 c5 2. Nf3 d6 3. Bb5+ Nd7 4. O-O a6 5. Be2 Ngf6 6. Nc3 e6 7. d4 cxd4 8.
Nxd4 Be7 9. Bg5 h6 10. Bh4 O-O 11. f4 Qc7 12. Qe1 Nc5 13. Bd3 b5 14. e5 dxe5 15.
fxe5 Ne8 16. Ne4 Bxh4 17. Qxh4 Nxd3 18. cxd3 Qxe5 19. Rac1 Qxd4+ 20. Kh1 Qxd3
21. Rf3 Qd5 22. Rg3 Bb7 23. Nf6+ Nxf6 24. Rf1 Nh5 25. Rg4 Rac8 26. Qf2 Qf5 27.
Qe2 Qc5 28. h3 Qc2 29. Qe5 Rc5 30. Qd4 Rc4 31. Qf2 Qxf2 32. Rxf2 Rxg4 33. hxg4
Nf6 34. Rd2 Nxg4 35. Kg1 Ne3 36. Kf2 Nd5 37. g3 Rc8 38. a3 g5 39. Ke2 Kg7 40.
Kd3 h5 41. Rf2 Rc4 42. Rh2 Kg6 43. Kd2 Rg4 44. Ke1 Rxg3 45. Rf2 Nf4 46. Rd2 Rg2
47. Rd7 Bd5 48. Rd6 Rxb2 49. Rxa6 h4 50. a4 h3 0-1

[Event "41st Olympiad Women 2014"]
[Site "Tromso NOR"]
[Date "2014.08.06"]
[Round "5.42"]
[Board "1"]
[White "Hazim Gonzalez, Elizabeth"]
[Black "Richmond, Jane"]
[Result "0-1"]
[WhiteTitle "WCM"]
[BlackTitle "WFM"]
[WhiteElo "1833"]
[BlackElo "2085"]
[WhiteTeam "Dominican Republic"]
[BlackTeam "Wales"]
[WhiteFideId "6400183"]
[BlackFideId "1800183"]
[EventDate "2014.08.02"]

1. e4 e5 2. Bc4 Nf6 3. d3 Nc6 4. Nf3 Bc5 5. c3 d6 6. O-O O-O 7. Nbd2 a6 8. Bb3
Ba7 9. Re1 Ne7 10. Nf1 Ng6 11. Bg5 c6 12. Ng3 h6 13. Be3 Bxe3 14. Rxe3 Qb6 15.
h3 a5 16. a4 Rd8 17. d4 c5 18. Rb1 Bd7 19. Rd3 Bc6 20. d5 Bd7 21. Nd2 Nf4 22.
Re3 Rf8 23. Ne2 N6h5 24. g4 Nxe2+ 25. Qxe2 Nf4 26. Qf3 h5 27. Bc2 Qd8 28. Qg3
hxg4 29. hxg4 Qg5 30. f3 Nh3+ 0-1

[Event "41st Olympiad Women 2014"]
[Site "Tromso NOR"]
[Date "2014.08.06"]
[Round "5.42"]
[Board "2"]
[White "Smith, Olivia"]
[Black "Jose Polanco, Kenia"]
[Result "1-0"]
[WhiteTitle "WFM"]
[BlackTitle "WCM"]
[WhiteElo "1968"]
[BlackElo "1918"]
[WhiteTeam "Wales"]
[BlackTeam "Dominican Republic"]
[WhiteFideId "411850"]
[BlackFideId "6401074"]
[EventDate "2014.08.02"]

1. e4 c5 2. Nf3 g6 3. c3 d6 4. d4 cxd4 5. cxd4 Bg7 6. Bb5+ Bd7 7. Bxd7+ Nxd7 8.
O-O Ngf6 9. Nc3 O-O 10. h3 Qa5 11. Bd2 Qh5 12. Qe2 h6 13. Rfe1 g5 14. e5 dxe5
15. dxe5 Nh7 16. Rac1 g4 17. hxg4 Qxg4 18. Nd5 Ng5 19. Nxe7+ Kh8 20. Bxg5 hxg5
21. Rc4 Qh5 22. g4 Qh3 23. Nxg5 Qh4 24. Nxf7+ 1-0

[Event "41st Olympiad Women 2014"]
[Site "Tromso NOR"]
[Date "2014.08.06"]
[Round "5.42"]
[Board "3"]
[White "Diaz Cesar, Wilsaida Pieranlly"]
[Black "Blackburn, Suzie G."]
[Result "0-1"]
[BlackTitle "WFM"]
[WhiteElo "1769"]
[BlackElo "1971"]
[WhiteTeam "Dominican Republic"]
[BlackTeam "Wales"]
[WhiteFideId "6403557"]
[BlackFideId "414930"]
[EventDate "2014.08.02"]

1. d4 Nf6 2. Nf3 g6 3. c4 Bg7 4. Nc3 d5 5. cxd5 Nxd5 6. Bd2 O-O 7. e4 Nxc3 8.
Bxc3 c5 9. Rc1 Qb6 10. Be2 cxd4 11. Bxd4 Qa5+ 12. Qd2 Qxd2+ 13. Kxd2 Rd8 14. Bd3
e5 15. Nxe5 Be6 16. Bc3 Bh6+ 17. Kc2 Bxc1 18. Rxc1 Nd7 19. Nxd7 Rxd7 20. b3 Rc8
21. Bb5 Rdc7 22. Kb2 a6 23. Be2 b5 24. a3 g5 25. h3 h6 26. Bd2 Rxc1 27. Bxc1
Bxb3 28. Bxg5 Ba4 29. Bxb5 axb5 30. Bxh6 Rc2+ 31. Kb1 Rxf2 32. g3 Bc2+ 33. Kb2
Bxe4+ 34. Kc3 Rf3+ 35. Kd4 Bf5 0-1

[Event "41st Olympiad Women 2014"]
[Site "Tromso NOR"]
[Date "2014.08.06"]
[Round "5.42"]
[Board "4"]
[White "Roberts, Lynda"]
[Black "Santos Almonte, Carol"]
[Result "1/2-1/2"]
[WhiteTitle "WCM"]
[WhiteElo "1920"]
[BlackElo "1774"]
[WhiteTeam "Wales"]
[BlackTeam "Dominican Republic"]
[WhiteFideId "1800191"]
[BlackFideId "6402348"]
[EventDate "2014.08.02"]

1. e4 e6 2. Qe2 Nf6 3. e5 Nd5 4. d4 c5 5. Nf3 Nc6 6. c3 cxd4 7. Nxd4 Nxd4 8.
cxd4 Bb4+ 9. Bd2 Bxd2+ 10. Qxd2 b6 11. Bc4 Bb7 12. O-O O-O 13. Bxd5 Bxd5 14. Nc3
Bc4 15. Rfc1 d5 16. b3 Ba6 17. a4 Rc8 18. Nb5 Bxb5 19. axb5 Qd7 20. Rc6 Rxc6 21.
bxc6 Qxc6 22. Rxa7 Rc8 23. h3 h6 24. Ra6 Qb5 25. Ra3 Qc6 26. Ra4 Ra8 27. Rxa8+
Qxa8 28. Kf1 Qc6 29. Ke2 Kf8 30. Qd3 Ke7 31. Kd2 b5 32. Qg3 b4 33. Qd3 1/2-1/2

[Event "41st Olympiad Women 2014"]
[Site "Tromso NOR"]
[Date "2014.08.06"]
[Round "5.43"]
[Board "2"]
[White "Mazariegos, Silvia Carolina"]
[Black "Apaza, Flor"]
[Result "0-1"]
[WhiteTitle "WIM"]
[WhiteElo "2017"]
[BlackElo "1552"]
[WhiteTeam "Guatemala"]
[BlackTeam "Peru"]
[WhiteFideId "7300115"]
[BlackFideId "3801888"]
[EventDate "2014.08.02"]

1. d4 d5 2. Nf3 Bf5 3. Bf4 e6 4. e3 Bd6 5. Bg3 Nf6 6. c4 Bxb1 7. Qxb1 Bb4+ 8.
Kd1 c5 9. a3 Ba5 10. b4 Ne4 11. Qb2 cxb4 12. axb4 Bc7 13. c5 O-O 14. Bd3 f5 15.
Bxc7 Qxc7 16. g3 Nd7 17. Ne1 b6 18. f3 Nef6 19. f4 bxc5 20. bxc5 Rfb8 21. Qa3
Rb7 22. Ba6 Rbb8 23. Nd3 Ng4 24. Ke2 Ndf6 25. h3 Ne4 26. hxg4 Nxg3+ 27. Kf2
Nxh1+ 28. Rxh1 fxg4 29. Ne5 g6 30. Be2 Rb7 31. Bxg4 Qe7 32. Qa6 Rb2+ 33. Kf3 Re8
34. Qd6 Ra2 35. Rb1 Kg7 36. Nc6 Qh4 37. Qe5+ Kh6 38. Qg5+ Qxg5 39. fxg5+ Kxg5
40. Ne5 h5 41. Bh3 Rf8+ 42. Bf5 Rxf5+ 43. Kg3 h4+ 44. Kh3 Kh5 45. Rb7 Rff2 46.
Rh7+ Kg5 47. Nf7+ Kf6 48. Ne5 Rh2+ 49. Kg4 Rag2+ 50. Kf4 g5+ 51. Kf3 Rg3# 0-1

[Event "41st Olympiad Women 2014"]
[Site "Tromso NOR"]
[Date "2014.08.06"]
[Round "5.43"]
[Board "4"]
[White "Mencos Castillo, Maria"]
[Black "Valdivia Cano, Nicole"]
[Result "1-0"]
[WhiteTitle "WIM"]
[WhiteElo "1808"]
[BlackElo "1550"]
[WhiteTeam "Guatemala"]
[BlackTeam "Peru"]
[WhiteFideId "7300867"]
[BlackFideId "3817504"]
[EventDate "2014.08.02"]

1. e4 e5 2. Bc4 Nf6 3. d3 Bc5 4. Nf3 Nc6 5. c3 d6 6. h3 h6 7. Nbd2 O-O 8. Qe2
Be6 9. Bb3 Re8 10. Nf1 d5 11. g4 dxe4 12. dxe4 Bxb3 13. axb3 Qd6 14. Ng3 Rad8
15. g5 hxg5 16. Bxg5 Qd3 17. Bxf6 gxf6 18. Rg1 Kh7 19. Ng5+ Kg8 20. Nf3 Kh7 21.
h4 Qxe2+ 22. Kxe2 Ne7 23. b4 Bb6 24. h5 Rg8 25. Rad1 Kh6 26. Nh4 a6 27. Rdf1 Rg5
28. Nhf5+ Nxf5 29. Nxf5+ Kh7 30. Rxg5 fxg5 31. Rg1 f6 32. Rf1 c5 33. bxc5 Bxc5
34. b4 Bb6 35. f3 Rd7 36. Rd1 Rxd1 37. Kxd1 Bc7 38. Kc2 b5 39. c4 Bd8 40. Kc3
Bc7 41. c5 Bd8 42. Kd3 Bc7 43. c6 a5 44. bxa5 Bxa5 45. Kc2 Bb6 46. Kc3 Ba5+ 47.
Kb3 Kg8 48. Ne7+ Kh7 49. Nd5 Kg7 50. c7 Bxc7 51. Nxc7 Kh6 52. Nd5 Kxh5 53. Nxf6+
Kh4 54. Nd7 g4 55. fxg4 Kxg4 56. Kb4 Kf4 57. Nc5 Ke3 58. Kxb5 Kd4 59. Kc6 Kc4
60. Kd6 Kd4 61. Ke6 Kxc5 62. Kxe5 Kc6 63. Ke6 Kc7 64. Ke7 1-0

[Event "41st Olympiad Women 2014"]
[Site "Tromso NOR"]
[Date "2014.08.06"]
[Round "5.44"]
[Board "1"]
[White "Koskoska, Gabriela"]
[Black "Hashimoto, Azumi"]
[Result "1-0"]
[WhiteTitle "WIM"]
[WhiteElo "2102"]
[BlackElo "1712"]
[WhiteTeam "FYROM"]
[BlackTeam "Japan"]
[WhiteFideId "15000630"]
[BlackFideId "7001800"]
[EventDate "2014.08.02"]

1. e4 e6 2. d4 d5 3. e5 c5 4. c3 Nc6 5. Nf3 Bd7 6. Be2 Nge7 7. Na3 a6 8. O-O
cxd4 9. cxd4 Nf5 10. Nc2 Be7 11. Ne3 Rc8 12. Bd3 Nfxd4 13. Nxd4 Nxd4 14. Qg4 Bc5
15. Qxg7 Rf8 16. Ng4 Bb5 17. Bxb5+ Nxb5 18. Nf6+ Ke7 19. Bg5 Qa5 20. Rac1 Nd4
21. Rxc5 Qxc5 22. Ne4+ Ke8 23. Nxc5 Rxc5 24. Bh6 1-0

[Event "41st Olympiad Women 2014"]
[Site "Tromso NOR"]
[Date "2014.08.06"]
[Round "5.44"]
[Board "2"]
[White "Hoshino, Karen"]
[Black "Stojkovska, Monika"]
[Result "0-1"]
[WhiteTitle "WCM"]
[BlackTitle "WFM"]
[WhiteElo "1738"]
[BlackElo "2027"]
[WhiteTeam "Japan"]
[BlackTeam "FYROM"]
[WhiteFideId "2137984"]
[BlackFideId "15002594"]
[EventDate "2014.08.02"]

1. d4 Nf6 2. c4 e6 3. Nc3 Bb4 4. Qc2 Nc6 5. e3 O-O 6. Bd3 Re8 7. a3 Bf8 8. Nf3
d5 9. O-O a5 10. Ng5 g6 11. f4 Ne7 12. c5 b6 13. cxb6 cxb6 14. Nb5 Ba6 15. Qb3
Qd7 16. Nf3 Rec8 17. Ne5 Qd8 18. Bd2 Bxb5 19. Qxb5 Ne4 20. Bxe4 dxe4 21. Rac1
Nd5 22. Qd7 Qxd7 23. Nxd7 f6 24. Nxf8 Kxf8 25. Kf2 a4 26. Ke2 Ke8 27. g4 Kd7 28.
h4 Rxc1 29. Rxc1 Rc8 30. Rxc8 Kxc8 31. Kd1 Kc7 32. Kc2 Kc6 33. b3 Kb5 34. Kb2 h5
35. g5 fxg5 36. fxg5 Ne7 37. Be1 Nf5 38. Bf2 Ka5 39. Kc2 b5 40. Kc3 Ne7 41. b4+
Kb6 42. d5 Nf5 43. dxe6 Kc6 44. e7 Kd7 45. Kd2 Kxe7 46. Kc2 Ke6 47. Kd2 Kd5 48.
Kc3 Nd6 49. Kb2 Kc4 50. Kc2 Nf5 51. Kd2 Kb3 52. Be1 Nd6 53. Bg3 Nc4+ 54. Ke2
Kxa3 55. Kf2 Kxb4 56. Bc7 a3 57. Bd8 Kb3 58. Bf6 Nb2 0-1

[Event "41st Olympiad Women 2014"]
[Site "Tromso NOR"]
[Date "2014.08.06"]
[Round "5.44"]
[Board "4"]
[White "Hasegawa, Emi"]
[Black "Manova, Ivana"]
[Result "0-1"]
[WhiteTitle "WCM"]
[WhiteElo "1698"]
[BlackElo "1626"]
[WhiteTeam "Japan"]
[BlackTeam "FYROM"]
[WhiteFideId "7000103"]
[BlackFideId "15003590"]
[EventDate "2014.08.02"]

1. d4 Nf6 2. c4 e6 3. Nf3 c5 4. e3 d5 5. Nc3 Be7 6. Bd3 Nc6 7. cxd5 exd5 8. O-O
Bg4 9. Be2 O-O 10. a3 Rc8 11. h3 Bh5 12. Nh2 Bxe2 13. Nxe2 c4 14. Nc3 Na5 15.
Re1 Nb3 16. Rb1 Qa5 17. e4 dxe4 18. Nxe4 Rfd8 19. Nf3 Qb6 20. Nc3 Kf8 21. Be3
Qa5 22. Qc2 b5 23. Qf5 b4 24. Qxa5 Nxa5 25. axb4 Bxb4 26. Red1 Nb3 27. Ne5 Bxc3
28. bxc3 Ne4 29. Rb2 Nxc3 30. Rc1 Nxc1 31. Bxc1 Rxd4 32. Be3 Rd1+ 33. Kh2 Rb1
34. Rd2 Rb7 35. Rd4 Nb5 36. Rd5 a5 37. Bc5+ Ke8 38. Nxc4 a4 39. Re5+ Kd8 40.
Rd5+ Kc7 41. Be3 Rd8 42. Rc5+ Kd7 43. Ne5+ Ke8 44. Nc6 Rc8 45. Re5+ Kd7 46. Na5
Rbb8 47. Bc5 Re8 48. Rd5+ Ke6 49. Rd3 Rbd8 50. Re3+ Kd5 51. Be7 Ra8 52. Nb7 Ra7
53. Rd3+ Nd4 54. Bc5 Rxb7 55. Bxd4 Kc4 56. Rd1 f6 57. Ba1 Re2 58. Rd4+ Kb3 59.
Rd1 Kc2 60. Rd4 a3 61. Ra4 Kb3 62. Ra6 Rxf2 63. Kg3 Ra2 64. Bd4 Kc4 65. Ra4+ Kb3
66. Ra6 Rd2 67. Ba1 Ka2 68. Bc3 Rd3+ 0-1

[Event "41st Olympiad Women 2014"]
[Site "Tromso NOR"]
[Date "2014.08.06"]
[Round "5.45"]
[Board "1"]
[White "Milligan, Helen"]
[Black "Richards, Deborah"]
[Result "0-1"]
[WhiteTitle "CM"]
[BlackTitle "WIM"]
[WhiteElo "1938"]
[BlackElo "2024"]
[WhiteTeam "New Zealand"]
[BlackTeam "Jamaica"]
[WhiteFideId "2401312"]
[BlackFideId "7400446"]
[EventDate "2014.08.02"]

1. e4 c5 2. Nf3 e6 3. d4 cxd4 4. Nxd4 a6 5. Bd3 Qc7 6. O-O Nf6 7. Qe2 d6 8. c4
Nc6 9. Nxc6 bxc6 10. Nc3 Be7 11. Kh1 e5 12. f4 O-O 13. f5 Bb7 14. Bg5 Rfd8 15.
Rac1 Re8 16. b3 Qa5 17. Rfd1 Rad8 18. Bd2 Qc7 19. Na4 Nd7 20. Qe1 Qb8 21. Ba5
Rc8 22. Qe2 Qa8 23. c5 d5 24. Bb1 Qa7 25. Nb6 Nxb6 26. Bxb6 Qa8 27. a4 a5 28.
Qh5 g6 29. Qg4 Kg7 30. Rc3 d4 31. Rh3 Rh8 32. Rf1 Rcf8 33. Bc7 f6 34. Qh4 Bxc5
35. Qh6+ Kf7 36. Bxe5 fxe5 37. fxg6+ Ke7 38. Rf7+ Rxf7 39. gxf7 Bd6 40. Qg5+ Kd7
41. Bd3 Qd8 42. Qf5+ Kc7 43. Rxh7 Rxh7 44. Qxh7 Bf8 45. h4 Bc8 46. Qh5 Qd6 47.
g4 Qf6 48. g5 Qf4 49. g6 Bg4 50. Qg5 Qxg5 51. hxg5 Bh5 0-1

[Event "41st Olympiad Women 2014"]
[Site "Tromso NOR"]
[Date "2014.08.06"]
[Round "5.45"]
[Board "2"]
[White "Smith, Melisha"]
[Black "Meyer, Marany"]
[Result "1-0"]
[WhiteTitle "WCM"]
[BlackTitle "WIM"]
[WhiteElo "1747"]
[BlackElo "2064"]
[WhiteTeam "Jamaica"]
[BlackTeam "New Zealand"]
[WhiteFideId "7400691"]
[BlackFideId "14300435"]
[EventDate "2014.08.02"]

1. d4 Nf6 2. c4 g6 3. Nc3 d6 4. e4 Bg7 5. Nf3 O-O 6. Be2 Bg4 7. Be3 c6 8. h3 Bd7
9. O-O Qc7 10. e5 Ne8 11. Bf4 f6 12. exd6 exd6 13. c5 Qc8 14. cxd6 Be6 15. d5
Bf7 16. Re1 Nd7 17. dxc6 bxc6 18. Rc1 Nxd6 19. Bxd6 Re8 20. b3 Qb7 21. Na4 Rac8
22. Bc4 Bxc4 23. Rxe8+ Rxe8 24. Rxc4 Nb6 25. Nxb6 axb6 26. Bg3 c5 27. Rc2 Bf8
28. Rd2 b5 29. Rd7 Qc6 30. Qd5+ Qxd5 31. Rxd5 Ra8 32. Rd2 c4 33. bxc4 bxc4 34.
Rc2 c3 35. Nd4 Bb4 36. Kf1 Kf7 37. f3 Ra4 38. Be1 f5 39. Ke2 Kf6 40. Kd3 Ba5 41.
Nc6 Ke6 42. Nxa5 Rxa5 43. Bxc3 Rd5+ 1-0

[Event "41st Olympiad Women 2014"]
[Site "Tromso NOR"]
[Date "2014.08.06"]
[Round "5.45"]
[Board "3"]
[White "Tsoi, Nicole"]
[Black "Smith, Annesha"]
[Result "0-1"]
[WhiteTitle "WFM"]
[WhiteElo "1787"]
[BlackElo "1768"]
[WhiteTeam "New Zealand"]
[BlackTeam "Jamaica"]
[WhiteFideId "4302605"]
[BlackFideId "7400683"]
[EventDate "2014.08.02"]

1. d4 Nf6 2. Bf4 b6 3. e3 Bb7 4. Nd2 g6 5. Ngf3 Bg7 6. h3 O-O 7. Be2 d6 8. O-O
Nbd7 9. c3 Re8 10. Nc4 e6 11. Rc1 Qe7 12. b4 e5 13. dxe5 dxe5 14. Nfxe5 Nd5 15.
Nxd7 Nxf4 16. exf4 Qxe2 17. Qxe2 Rxe2 18. a3 f6 19. Rfe1 Rxe1+ 20. Rxe1 Kf7 21.
Nde5+ fxe5 22. Nxe5+ Bxe5 23. Rxe5 Re8 24. g4 Rxe5 25. fxe5 g5 26. Kh2 Ke6 27.
Kg3 Kxe5 28. a4 a6 29. h4 h6 30. h5 Bc6 31. a5 b5 32. f3 Bd5 0-1